| 000 | 01090nac a22003497a 4500 | ||
|---|---|---|---|
| 001 | BR0600855 | ||
| 003 | BR-BrBNA | ||
| 005 | 20240105123256.0 | ||
| 008 | 230509b bl.|||m| |||| 00| 0 por d | ||
| 040 |
_aBR-BrBNA _bpor _cBiblioteca Nacional de Agricultura |
||
| 072 | _aF30 | ||
| 090 | _a0120 BR0600855 | ||
| 100 | 1 | _aGerage, A.C. | |
| 100 | 1 | _aShioga, P.S. | |
| 100 | 1 | _aAraújo, P.M. de | |
| 110 | 1 |
_aFundação Instituto Agronômico do Paraná, Londrina, PR (Brasil) _94913 |
|
| 245 | 1 | _aAvaliação estadual de cultivares de milho safra 2002/2003 | |
| 260 | 3 |
_aLondrina, PR (Brasil): _c2003. |
|
| 300 | _a49 p. | ||
| 490 |
_aInforme da Pesquisa - Fundação Instituto Agronômico do Paraná (Brazil) _vno. 142 _xISSN 0100-9508 |
||
| 500 | _a39 tables | ||
| 650 | _aMILHO | ||
| 650 | _aSOJA | ||
| 650 | _aPRODUTIVIDADE | ||
| 650 | _aROTAÇÃO DE CULTURA | ||
| 650 | _aÉPOCA DE SEMEADURA | ||
| 650 | _aCADEIA PRODUTIVA | ||
| 650 | _aCOMPORTAMENTO DE VARIEDADE | ||
| 650 | _aCLIMA | ||
| 909 |
_a202312 _bLúcia Elande _c55 _dLúcia Elande |
||
| 942 |
_2AGRIS _n0 _cMS |
||
| 999 |
_c294739 _d294739 |
||